000 00858nam a2200229 i 4500
001 17893
003 ES-MaACL
005 20230906151716.0
007 t|
008 010615s2000 sp ||||1| spa d
020 _a84-699-2728-0
080 _a347.961(460=927)(083.2)
100 1 _aIbn al-'Attar.
_964998
245 1 0 _aFormulario notarial y judicial andalusí /
_cdel alfaquí y notario cordobés m. 399/1009 Ibn al-'Attar ; introducción, estudio y traducción anotada: Pedro Chalmeta y Marina Marugán.
260 _aMadrid :
_bFundación Matritense del Notariado,
_c2000.
300 _aXX, 1040 p. ;
_c24 cm.
650 1 4 _aNotariado-
_zAl-Andalus-
_vFormularios.
_915598
700 1 _aChalmeta, Pedro.
_937830
700 1 _aMarugán, Marina.
_978572
710 2 _aFundación Matritense del Notariado.
_94366
852 _aES-MaACL
_jL-24725
_bR.129856
999 _c17893
_d17893